Euronet pilot study ; Životní spokojenost a sebehodnocení českých adolescentů /

Hlavní autor: Macek, Petr, 1956-
Jazyk: Čeština
Vydáno: Brno : Akademie věd České republiky, 1998
Edice: Zprávy ; roč. 4, 1998, č. 9
Témata:
Fyzický popis: 29 s. : schémata ; 30 cm
Language note: Anglické resumé
Knihy
Uloženo v:
LEADER 01134nam a2200289 a 4500
001 000377686
003 CZ BrMZK
005 20210917130630.0
008 010907s1998 xr f cze d
015 |a cnb000969736 
035 |a (OCoLC)85003387 
040 |a BOA001  |b cze 
080 |a 159.922.8  |2 MRF 
100 1 |a Macek, Petr,  |d 1956-  |7 jn20000401684  |4 aut 
245 1 0 |a Euronet pilot study ;  |b Životní spokojenost a sebehodnocení českých adolescentů /  |c Petr Macek 
260 |a Brno :  |b Akademie věd České republiky,  |c 1998 
300 |a 29 s. :  |b schémata ;  |c 30 cm 
490 1 |a Zprávy ;  |v roč. 4, 1998, č. 9 
504 |a Obsahuje bibliografii 
546 |a Anglické resumé 
653 0 |a dospívající mládež  |a dospívání 
740 0 2 |a Životní spokojenost a sebehodnocení českých adolescentů 
810 2 |a Akademie věd České republiky.  |t Zprávy 
910 |a BOA001  |b 03027-0695.192 
964 |a Dospívání  |x spokojenost životní  |x sebehodnocení  |x studie 
990 |a BK 
996 6 |b 2610082620  |c 03027-0695.192  |d 1998 4 9  |v 4  |i 9  |y 1998  |l MZK  |r Sklad / do 1 hodiny  |n 45  |p p.v.  |w 000171099  |u 000730  |a 1  |e BOA001  |j MZK50  |s P